Approaches to media discourse
Na minha lista:
| Autor principal: | |
|---|---|
| Formato: | Livro |
| Idioma: | inglês |
| Publicado em: |
Oxford
Blackwell
1998
|
| Assuntos: | |
| Tags: |
Adicionar Tag
Sem tags, seja o primeiro a adicionar uma tag!
|
MARC
| LEADER | 00000nam a2200000 a 4500 | ||
|---|---|---|---|
| 001 | UCO5231 | ||
| 003 | CL-VaPUC | ||
| 008 | 000825e19980000UK |||||||||||||||||eng|d | ||
| 082 | 0 | 4 | |a 302.23 |b BEL |2 21 |
| 100 | 0 | |a Bell, Allan |e author |9 450021 | |
| 245 | 1 | 0 | |a Approaches to media discourse |
| 300 | |a 287 p | ||
| 942 | |c BK | ||
| 945 | |d 20000825 00:00:00 |a vberengu | ||
| 260 | |a Oxford |b Blackwell |c 1998 | ||
| 650 | 0 | |a Análisis del discurso |9 256696 | |
| 650 | 0 | |a Medios de comunicación |9 257206 | |
| 650 | 0 | |a Medios de comunicación de masas |9 257273 | |
| 583 | |a last modification |c 20000825 00:00:00 |k Rodrigo Vera | ||
| 999 | |c 291175 |d 291173 | ||
| 952 | |0 0 |1 0 |4 0 |6 302_230000000000000_BEL_1998 |7 0 |8 A |9 340941 |a FDOPOS |b FDOPOS |d 2019-11-20 |i 3646041 |o 302.23 BEL 1998 |p 3646041 |r 2025-01-22 |w 2019-11-20 |y BK |k MLA | ||